000 00797nam a22001817a 4500
999 _c59777
_d59777
003 Ge_BSU
005 20230412154549.0
008 230412s2008 ge ||||| |||| 00| 0 geo d
041 _ageo
080 _a008(479.22)(092) დ-15
245 _aდავით ციციშვილი (ციცკა), 1929-1996 /
_c[ბოლოსიტყვ. ავტ. მერაბ ბერძენიშვილი].
264 _a[თბილისი],
_c[2008].
300 _a45 გვ.;
_b20სმ.
653 _aციციშვილი დავით
653 _aქართული კულტურის მოღვაწეები
700 _aბერძენიშვილი, მერაბ
_eბოლოსიტყვ. ავტორი
_917639
942 _2udc
_cBK